[Event "GRE-chT Online Rapid op 1st"]
[Site "Tornelo INT"]
[Date "2021.02.21"]
[Round "7.1"]
[White "Rousis, Mihail"]
[Black "Papaioannou, Dimitrios1111"]
[Result "0-1"]
[WhiteElo "2046"]
[BlackElo "1924"]
[PlyCount "112"]
[EventDate "2021.02.20"]
[EventType "team-swiss (rapid)"]
[EventRounds "9"]
[EventCountry "GRE"]
[SourceTitle "EXT 2023"]
[Source "ChessBase"]
[SourceDate "2022.10.05"]
[SourceVersion "1"]
[SourceVersionDate "2022.10.05"]
[SourceQuality "1"]

1. e4 c5 2. c3 Nf6 3. e5 Nd5 4. Nf3 Nc6 5. Bc4 Nb6 6. Bb3 d6 7. exd6 Qxd6 8. 0-0 Be6 9. Bxe6 Qxe6 10. d4 cxd4 11. Nxd4 Nxd4 12. Qxd4 Rd8 13. Qe3 Qd7 14. Nd2 e6 15. Ne4 Qd5 16. b3 Be7 17. Bb2 0-0 18. c4 Qh5 19. Bd4 Rd7 20. Bxb6 axb6 21. Qxb6 Rfd8 22. h3 Qe5 23. Ng3 Bc5 24. Qb5 Bxf2+ 25. Kxf2 Qf4+ 26. Kg1 Qxg3 27. Qh5 g6 28. Qf3 Qxf3 29. Rxf3 f5 30. Re3 Kf7 31. Rae1 Rd6 32. R1e2 Kf6 33. Kf2 Re8 34. Re5 b6 35. c5 bxc5 36. Rxc5 e5 37. Rc7 h5 38. h4 f4 39. g3 fxg3+ 40. Kxg3 Rd3+ 41. Kg2 Kf5 42. Rf7+ Ke6 43. Ref2 Rd4 44. R7f6+ Kd5 45. Kg3 Rg4+ 46. Kh3 Rc8 47. R6f3 e4 48. Re3 Kd4 49. Rfe2 Rc1 50. Re1 Rxe1 51. Rxe1 e3 52. Rd1+ Kc3 53. Rd6 e2 54. Re6 Kd2 55. Rd6+ Ke3 56. Re6+ Re4 0-1

[Event "GRE-chT Online Rapid op 1st"]
[Site "Tornelo INT"]
[Date "2021.02.20"]
[Round "2.8"]
[White "Rousis, Mihail"]
[Black "Nomikos, Giorgos"]
[Result "1-0"]
[WhiteElo "2046"]
[BlackElo "1551"]
[PlyCount "107"]
[EventDate "2021.02.20"]
[EventType "team-swiss (rapid)"]
[EventRounds "9"]
[EventCountry "GRE"]
[SourceTitle "EXT 2023"]
[Source "ChessBase"]
[SourceDate "2022.10.05"]
[SourceVersion "1"]
[SourceVersionDate "2022.10.05"]
[SourceQuality "1"]

1. e4 c5 2. c3 Nf6 3. e5 Nd5 4. Nf3 Nc6 5. Bc4 Nb6 6. Bb3 e6 7. 0-0 Be7 8. d4 cxd4 9. cxd4 d6 10. Qe2 0-0 11. Nc3 a6 12. Rd1 Qc7 13. Bf4 dxe5 14. dxe5 Rd8 15. Rxd8+ Qxd8 16. Rd1 Qe8 17. Bc2 Nb4 18. Bb1 N4d5 19. Nxd5 Nxd5 20. Qd3 g6 21. Bg5 Bf8 22. a3 b5 23. h4 Bb7 24. h5 Ne7 25. hxg6 hxg6 26. Bf6 Bxf3 27. Qxf3 Rd8 28. Rc1 Rd7 29. Be4 Nd5 30. Bxd5 Rxd5 31. Rc7 Rd7 32. Qc6 Rd1+ 33. Kh2 Qxc6 34. Rxc6 Bg7 35. Bxg7 Kxg7 36. Rxa6 Rd2 37. b4 Rxf2 38. Ra5 Ra2 39. Kh3 f6 40. Ra7+ Kf8 41. exf6 Rf2 42. Ra5 Rf5 43. g4 Rxf6 44. Rxb5 Rf3+ 45. Kh4 Rxa3 46. Kg5 Rg3 47. Kf6 Kg8 48. g5 Re3 49. Kxg6 Kf8 50. Kf6 Ke8 51. g6 Kd7 52. g7 Rf3+ 53. Kg6 Rg3+ 54. Rg5 1-0

[Event "Ambelokipi op 118th"]
[Site "Athens"]
[Date "2011.10.22"]
[Round "5"]
[White "Sienczewski, Zbigniew"]
[Black "Rousis, Mihail"]
[Result "1-0"]
[WhiteElo "2084"]
[BlackElo "2026"]
[PlyCount "81"]
[EventDate "2011.10.08"]
[EventType "swiss"]
[EventRounds "7"]
[EventCountry "GRE"]
[SourceTitle "EXT 2024"]
[Source "ChessBase"]
[SourceDate "2023.10.10"]
[SourceVersion "1"]
[SourceVersionDate "2023.10.10"]
[SourceQuality "1"]

1. c4 c5 2. Nf3 Nc6 3. g3 e5 4. Nc3 g6 5. Bg2 Bg7 6. 0-0 Nge7 7. a3 0-0 8. b4 cxb4 9. axb4 Nxb4 10. Ba3 Nbc6 11. Rb1 d6 12. Ng5 Re8 13. Nge4 Nf5 14. Nb5 d5 15. cxd5 Ncd4 16. Nbc3 Bf8 17. Bxf8 Kxf8 18. e3 b6 19. exd4 Ba6 20. dxe5 Bxf1 21. Bxf1 Rxe5 22. Qa4 Re7 23. Bb5 Rc8 24. Bc6 Nd6 25. Qd4 Rxe4 26. Nxe4 Nxe4 27. Qxe4 Qd6 28. Qb4 Qxb4 29. Rxb4 Ke7 30. d4 Rc7 31. Rb2 Kd6 32. Kf1 Re7 33. Re2 f6 34. Rxe7 Kxe7 35. Ke2 Kd6 36. Kd3 a6 37. Bb7 a5 38. Bc6 b5 39. Bxb5 Kxd5 40. Ba4 h6 41. Bb3+ 1-0

[Event "Athens Siaperas Memorial 3rd"]
[Site "Athens"]
[Date "2007.03.03"]
[Round "7"]
[White "Klokas, Konstantinos"]
[Black "Rousis, Mihail"]
[Result "0-1"]
[WhiteElo "2228"]
[BlackElo "1992"]
[PlyCount "62"]
[EventDate "2007.02.10"]
[EventType "swiss"]
[EventRounds "7"]
[EventCountry "GRE"]
[SourceTitle "EXT 2008"]
[Source "ChessBase"]
[SourceDate "2007.11.25"]
[SourceVersion "1"]
[SourceVersionDate "2007.11.25"]
[SourceQuality "1"]

1. d4 d5 2. e3 e6 3. f4 Nf6 4. Bd3 c5 5. c3 Nc6 6. Nd2 Bd6 7. Nh3 0-0 8. 0-0 a6 9. Qf3 Rb8 10. Nf2 cxd4 11. exd4 b5 12. Bc2 Qc7 13. Qd3 g6 14. g3 Nh5 15. Nf3 Bd7 16. Ne5 Nxe5 17. fxe5 Be7 18. Bh6 Rfc8 19. Ng4 Be8 20. Nf6+ Nxf6 21. exf6 Bd6 22. Rf4 e5 23. Rh4 exd4 24. Bg7 dxc3 25. b4 Qb6+ 26. Kf1 Bf8 27. Bxf8 Kxf8 28. Qf3 Rc6 29. Rf4 Bd7 30. Qxd5 Bh3+ 31. Ke2 Rd8 0-1